00319nam a2200097 4500008004100000022001300041245005400054246005000108260005300158300001000211240229b |||||||| |||| 00| 0 eng d a13910582 aLogos-Vol. 39, no. 4 (2-8th April 2000) : Part II aRebuilding global justice in the 21st century aColombo :bCentre for society & Religion, c2000 b97 p.